[Event "Titled Tuesday intern op 06th Aug Early"]
[Site "Chess.com INT"]
[Date "2024.08.06"]
[Round "11"]
[White "Uber Gracia, Hugo"]
[Black "Larina, Marija"]
[Result "0-1"]
[WhiteElo "2312"]
[BlackElo "1969"]
[PlyCount "130"]
[EventDate "2024.08.06"]
[EventType "swiss (blitz)"]
[EventRounds "11"]
[EventCountry "USA"]
[SourceTitle "EXT 2025"]
[Source "ChessBase"]
[SourceDate "2024.10.14"]
[SourceVersion "1"]
[SourceVersionDate "2024.10.14"]
[SourceQuality "1"]

1. d4 f5 2. Nf3 Nf6 3. g3 g6 4. Bg2 Bg7 5. 0-0 0-0 6. e3 d6 7. c3 Kh8 8. b3 Nc6 9. Bb2 e5 10. c4 e4 11. Nfd2 Nb4 12. Nc3 c6 13. f3 d5 14. cxd5 cxd5 15. Ba3 Qa5 16. Bxb4 Qxb4 17. Rc1 Bd7 18. fxe4 fxe4 19. Rxf6 Bxf6 20. Nxd5 Qd6 21. Nc7 Rac8 22. Nxe4 Qa3 23. Rc4 Bg7 24. Nd5 Rxc4 25. bxc4 Qxa2 26. Nc5 Qf2+ 27. Kh1 Bc6 28. Nf4 Qxe3 29. Bxc6 bxc6 30. Nfe6 Rf2 31. Nxg7 Kxg7 32. Nd3 Rd2 33. Qf1 Qe4+ 34. Kg1 Qxd4+ 35. Nf2 a5 36. Qe1 Qxf2+ 37. Qxf2 Rxf2 38. Kxf2 Kf6 39. Ke3 Ke5 40. Kd3 c5 41. Kc3 g5 42. Kd3 g4 43. Kc3 h5 44. Kd3 a4 45. Kc3 a3 46. Kb3 Kd4 47. Kxa3 Kxc4 48. Kb2 Kd3 49. Kc1 c4 50. Kd1 c3 51. Kc1 c2 52. Kb2 Kd2 53. Kb3 c1Q 54. Kb4 Qg1 55. Kb5 Qxh2 56. Kb6 Qxg3 57. Kb7 h4 58. Kc8 h3 59. Kb7 h2 60. Kc8 h1Q 61. Kd7 Qh5 62. Ke7 Qge5+ 63. Kf8 Qhh8+ 64. Kf7 Qhf6+ 65. Kg8 Qg7# 0-1

[Event "Titled Tuesday intern op 06th Aug Early"]
[Site "Chess.com INT"]
[Date "2024.08.06"]
[Round "10"]
[White "Uber Gracia, Hugo"]
[Black "Tarnowska, Aleksandra"]
[Result "1-0"]
[WhiteElo "2312"]
[BlackElo "1885"]
[PlyCount "93"]
[EventDate "2024.08.06"]
[EventType "swiss (blitz)"]
[EventRounds "11"]
[EventCountry "USA"]
[SourceTitle "EXT 2025"]
[Source "ChessBase"]
[SourceDate "2024.10.14"]
[SourceVersion "1"]
[SourceVersionDate "2024.10.14"]
[SourceQuality "1"]

1. d4 d5 2. Nf3 e6 3. e3 Nf6 4. c3 Be7 5. Bd3 0-0 6. 0-0 b6 7. Nbd2 Bb7 8. Qe2 Nbd7 9. e4 dxe4 10. Nxe4 c5 11. Bf4 Nxe4 12. Bxe4 Bxe4 13. Qxe4 Nf6 14. Qe2 cxd4 15. Nxd4 Qd5 16. Rfd1 Qh5 17. Qe1 Bc5 18. Bg3 Rad8 19. Nf3 h6 20. h3 Rd5 21. c4 Rf5 22. b4 Be7 23. Ne5 Rg5 24. Nc6 Re8 25. Qd2 Qg6 26. Qe3 Kh7 27. Rd2 Ne4 28. Rd3 Nxg3 29. fxg3 Bf6 30. Rf1 Rf8 31. Nd4 Rh5 32. Kh2 Rg5 33. Rf3 Bxd4 34. Qxd4 Rf5 35. Qe3 Rxf3 36. Qxf3 Rc8 37. Rd7 Rf8 38. Rxa7 e5 39. c5 e4 40. Qe3 bxc5 41. bxc5 f5 42. Rb7 Rc8 43. Rb6 Qf7 44. Qd4 Re8 45. c6 e3 46. Rb7 Qe6 47. Qxg7# 1-0

[Event "Titled Tuesday intern op 30th Jul Early"]
[Site "Chess.com INT"]
[Date "2024.07.30"]
[Round "2"]
[White "Uber Gracia, Hugo"]
[Black "Phillips, Rene"]
[Result "1-0"]
[WhiteElo "2188"]
[BlackElo "1904"]
[PlyCount "73"]
[EventDate "2024.07.30"]
[EventType "swiss (blitz)"]
[EventRounds "11"]
[EventCountry "USA"]
[SourceTitle "EXT 2025"]
[Source "ChessBase"]
[SourceDate "2024.10.14"]
[SourceVersion "1"]
[SourceVersionDate "2024.10.14"]
[SourceQuality "1"]

1. d4 Nc6 2. Bf4 Nf6 3. e3 d6 4. c3 g6 5. Nf3 Bg7 6. Nbd2 0-0 7. h3 Bd7 8. Be2 Qe8 9. 0-0 e5 10. dxe5 dxe5 11. Bh2 Rd8 12. Qc2 Bf5 13. e4 Bd7 14. Nc4 Nh5 15. Rad1 Nf4 16. Bxf4 exf4 17. Rfe1 b5 18. Ncd2 a6 19. Nb3 Bc8 20. Nc5 Qe7 21. b4 f5 22. Bd3 fxe4 23. Bxe4 Qf6 24. Bd5+ Kh8 25. Ne4 Nxb4 26. cxb4 Qb6 27. Nfg5 h6 28. Nf7+ Rxf7 29. Bxf7 Rxd1 30. Rxd1 Bf5 31. Rd8+ Kh7 32. Bg8+ Kh8 33. Qb3 c5 34. Re8 c4 35. Bxc4+ Kh7 36. Bg8+ Kh8 37. Bh7+ 1-0

[Event "Titled Tuesday intern op 23rd Jul Early"]
[Site "Chess.com INT"]
[Date "2024.07.23"]
[Round "9"]
[White "Deng, Henry"]
[Black "Uber Gracia, Hugo"]
[Result "1-0"]
[WhiteElo "2336"]
[BlackElo "2188"]
[PlyCount "89"]
[EventDate "2024.07.23"]
[EventType "swiss (blitz)"]
[EventRounds "11"]
[EventCountry "USA"]
[SourceTitle "EXT 2025"]
[Source "ChessBase"]
[SourceDate "2024.10.14"]
[SourceVersion "1"]
[SourceVersionDate "2024.10.14"]
[SourceQuality "1"]

1. Nf3 d5 2. b3 Nf6 3. Bb2 Bf5 4. e3 e6 5. Be2 c6 6. 0-0 h6 7. d3 Be7 8. Nbd2 0-0 9. Re1 Nbd7 10. Bf1 Bh7 11. g3 Re8 12. Bg2 Bd6 13. e4 dxe4 14. dxe4 e5 15. Qe2 Bc7 16. Rad1 Qe7 17. Nh4 a5 18. a4 Rab8 19. Nc4 b5 20. Ba3 b4 21. Bb2 Nc5 22. Nf5 Bxf5 23. exf5 e4 24. Bd4 Ncd7 25. f3 Nc5 26. Qe3 Ncd7 27. fxe4 Ne5 28. Nd2 Bd6 29. h3 c5 30. Bb2 Rbd8 31. Kh1 Nc6 32. Nc4 Be5 33. Bxe5 Nxe5 34. Nxa5 Rxd1 35. Rxd1 g6 36. Qxh6 gxf5 37. exf5 Ned7 38. Nc4 Qe2 39. Qd2 Qh5 40. a5 Re2 41. Qd3 Rf2 42. Rf1 Rxf1+ 43. Qxf1 Nf8 44. a6 Qg5 45. a7 1-0

[Event "Titled Tuesday intern op 23rd Jul Early"]
[Site "Chess.com INT"]
[Date "2024.07.23"]
[Round "2"]
[White "Rida, Ruqayyah"]
[Black "Uber Gracia, Hugo"]
[Result "0-1"]
[WhiteElo "2064"]
[BlackElo "2188"]
[PlyCount "82"]
[EventDate "2024.07.23"]
[EventType "swiss (blitz)"]
[EventRounds "11"]
[EventCountry "USA"]
[SourceTitle "EXT 2025"]
[Source "ChessBase"]
[SourceDate "2024.10.14"]
[SourceVersion "1"]
[SourceVersionDate "2024.10.14"]
[SourceQuality "1"]

1. e4 d5 2. exd5 Qxd5 3. Nc3 Qd8 4. d4 Nf6 5. Nf3 c6 6. Bc4 Bf5 7. 0-0 e6 8. Be3 Bd6 9. Qd2 0-0 10. Rad1 Nbd7 11. h3 h6 12. Bf4 Nb6 13. Be2 Nbd5 14. Nxd5 cxd5 15. Ne5 Rc8 16. c3 a6 17. Bf3 b5 18. a3 a5 19. Rfe1 b4 20. axb4 axb4 21. g4 Be4 22. Be2 bxc3 23. bxc3 Qc7 24. f3 Bh7 25. Rc1 Qe7 26. Bd3 Bxd3 27. Nxd3 Bxf4 28. Qxf4 Nd7 29. Re3 Qa3 30. Ree1 Rxc3 31. Ra1 Qe7 32. Ne5 Nxe5 33. Rxe5 Rfc8 34. Rae1 Qa7 35. Qg3 Qxd4+ 36. Kg2 Rc2+ 37. R5e2 Qd3 38. Qe5 Rxe2+ 39. Rxe2 Rc1 40. Qb8+ Kh7 41. Qe5 Qd1 0-1

[Event "Titled Tuesday intern op 23rd Jul Early"]
[Site "Chess.com INT"]
[Date "2024.07.23"]
[Round "1"]
[White "Uber Gracia, Hugo"]
[Black "Aakash, G2."]
[Result "0-1"]
[WhiteElo "2188"]
[BlackElo "2265"]
[PlyCount "64"]
[EventDate "2024.07.23"]
[EventType "swiss (blitz)"]
[EventRounds "11"]
[EventCountry "USA"]
[SourceTitle "EXT 2025"]
[Source "ChessBase"]
[SourceDate "2024.10.14"]
[SourceVersion "1"]
[SourceVersionDate "2024.10.14"]
[SourceQuality "1"]

1. d4 d5 2. Bf4 Nf6 3. Nf3 c5 4. c3 Nc6 5. e3 e6 6. h3 cxd4 7. exd4 Nh5 8. Bh2 Bd6 9. Nbd2 0-0 10. Bd3 Nf4 11. Bxf4 Bxf4 12. 0-0 f6 13. Re1 e5 14. dxe5 fxe5 15. Bc2 Qf6 16. Bb3 Be6 17. Nf1 Rad8 18. Qe2 e4 19. N3h2 Kh8 20. Rad1 Ne5 21. Ne3 Nd3 22. Rf1 Bb8 23. Neg4 Qg5 24. Bc2 Nf4 25. Qd2 h5 26. Ne3 Nxh3+ 27. Kh1 Nf4 28. g3 Nh3 29. Ng2 Rxf2 30. Rxf2 Qxg3 31. Nf4 Nxf2+ 32. Qxf2 Qxf2 0-1

[Event "Titled Tuesday intern op 23rd Jul Early"]
[Site "Chess.com INT"]
[Date "2024.07.23"]
[Round "5"]
[White "Uber Gracia, Hugo"]
[Black "Novikov, Evgenij"]
[Result "1/2-1/2"]
[WhiteElo "2188"]
[BlackElo "2276"]
[PlyCount "171"]
[EventDate "2024.07.23"]
[EventType "swiss (blitz)"]
[EventRounds "11"]
[EventCountry "USA"]
[SourceTitle "EXT 2025"]
[Source "ChessBase"]
[SourceDate "2024.10.14"]
[SourceVersion "1"]
[SourceVersionDate "2024.10.14"]
[SourceQuality "1"]

1. d4 d5 2. Bf4 Nf6 3. e3 c5 4. c3 cxd4 5. exd4 Nc6 6. Nf3 Bg4 7. Nbd2 e6 8. Be2 Bd6 9. Bxd6 Qxd6 10. h3 Bh5 11. 0-0 0-0 12. Re1 Rab8 13. a4 a6 14. Ne5 Bxe2 15. Qxe2 Qc7 16. Nb3 Nxe5 17. Qxe5 Qxe5 18. Rxe5 Nd7 19. Re2 Rfc8 20. a5 Kf8 21. f3 Ke7 22. Nc1 Kd6 23. Nd3 g5 24. Kf2 h5 25. g3 Rh8 26. f4 Rbg8 27. Ne5 Nxe5 28. fxe5+ Kc6 29. Ke3 Kb5 30. Kd3 Rc8 31. Rf2 Rc7 32. Rff1 Rg8 33. Rf2 Rg6 34. Rff1 h4 35. g4 Rg7 36. Rf2 Rc4 37. Rff1 Ra4 38. b4 Rxa1 39. Rxa1 Rg8 40. Rf1 Rf8 41. Rf6 Ka4 42. Kc2 Kb5 43. Rh6 Kc4 44. Rf6 Kb5 45. Kb3 Kc6 46. Rh6 Kd7 47. Rf6 Ke7 48. Kc2 Rc8 49. Kd3 Rc6 50. Rh6 Rc8 51. Rf6 Rb8 52. Rh6 Kd7 53. Rf6 Ke8 54. Rh6 Ke7 55. Rf6 b6 56. axb6 Rxb6 57. Rh6 Rb8 58. Rh5 Rg8 59. Rh6 Ra8 60. Rh5 a5 61. bxa5 Rxa5 62. Rxg5 Ra1 63. Rh5 Kf8 64. Rxh4 Kg7 65. Rh5 Rh1 66. h4 Rh3+ 67. Kc2 Rg3 68. g5 Rg2+ 69. Kb3 Rg1 70. Rh6 Rh1 71. Kc2 Rh2+ 72. Kb3 Rh1 73. Kb4 Rb1+ 74. Kc5 Rc1 75. Kd6 Rxc3 76. Rf6 Ra3 77. Ke7 Ra7+ 78. Kd6 Ra4 79. Ke7 Ra7+ 80. Kd6 Rb7 81. Kc6 Rb4 82. Kd6 Ra4 83. Kc6 Kg8 84. Kd6 Ra7 85. Kc5 Kg7 86. Kd6 1/2-1/2

[Event "ESP-ch U14 rapid"]
[Site "Salobrena"]
[Date "2024.07.21"]
[Round "5"]
[White "Blanco Garcia Bajo, David"]
[Black "Uber Gracia, Hugo"]
[Result "0-1"]
[WhiteElo "1966"]
[BlackElo "2248"]
[PlyCount "94"]
[EventDate "2024.07.20"]
[EventType "swiss (rapid)"]
[EventRounds "9"]
[EventCountry "ESP"]
[SourceTitle "CBM 221 Extra"]
[Source "ChessBase"]
[SourceDate "2024.09.30"]
[SourceVersion "1"]
[SourceVersionDate "2024.09.30"]
[SourceQuality "1"]

1. e4 c6 2. d4 d5 3. exd5 cxd5 4. Bd3 Nf6 5. c3 Bg4 6. Qb3 Qc7 7. h3 Bd7 8. Nf3 Nc6 9. Qd1 e6 10. 0-0 Bd6 11. Qe2 0-0 12. Re1 a6 13. Ne5 Ne7 14. Bf4 Ng6 15. Nxg6 hxg6 16. Bxd6 Qxd6 17. Nd2 b5 18. a3 Rab8 19. Nf3 a5 20. Rac1 b4 21. axb4 axb4 22. c4 dxc4 23. Bxc4 Bc6 24. Red1 Rfd8 25. Ne5 Ba8 26. Bb3 Nd5 27. Qf3 Nf6 28. Qe2 Qb6 29. Qd3 Be4 30. Qe3 Qb7 31. f3 Bd5 32. Bxd5 Nxd5 33. Qe4 Rbc8 34. Nd3 Qb5 35. Rxc8 Rxc8 36. Nc5 Qc4 37. Ra1 Nf6 38. Qb7 Qxd4+ 39. Kh1 Qxc5 40. Ra7 Qc1+ 41. Kh2 Qf4+ 42. Kg1 Rc1+ 43. Kf2 Qd2+ 44. Kg3 Nh5+ 45. Kh4 Qf4+ 46. g4 Qf6+ 47. g5 Qf4# 0-1

[Event "ESP-ch U14 rapid"]
[Site "Salobrena"]
[Date "2024.07.21"]
[Round "7"]
[White "Marin Ferragut, Pau"]
[Black "Uber Gracia, Hugo"]
[Result "1/2-1/2"]
[WhiteElo "2023"]
[BlackElo "2248"]
[PlyCount "54"]
[EventDate "2024.07.20"]
[EventType "swiss (rapid)"]
[EventRounds "9"]
[EventCountry "ESP"]
[SourceTitle "CBM 221 Extra"]
[Source "ChessBase"]
[SourceDate "2024.09.30"]
[SourceVersion "1"]
[SourceVersionDate "2024.09.30"]
[SourceQuality "1"]

1. Nf3 d5 2. g3 Nd7 3. d4 Nb6 4. Bg2 Nf6 5. 0-0 c6 6. Nbd2 Bf5 7. b3 e6 8. Bb2 h6 9. c4 Be7 10. Re1 0-0 11. Ne5 Nbd7 12. e4 dxe4 13. Nxe4 Nxe4 14. Bxe4 Bxe4 15. Rxe4 Nxe5 16. dxe5 Qxd1+ 17. Rxd1 Rfd8 18. Red4 Rxd4 19. Rxd4 Rd8 20. Kg2 c5 21. Rxd8+ Bxd8 22. f4 f5 23. Kf3 h5 24. Bc1 Ba5 25. Be3 Bb4 26. Ke2 Kf7 27. h4 g6 1/2-1/2

[Event "ESP-ch U14 rapid"]
[Site "Salobrena"]
[Date "2024.07.21"]
[Round "6"]
[White "Uber Gracia, Hugo"]
[Black "Alonso Gimenez, Mauro"]
[Result "1-0"]
[WhiteElo "2248"]
[BlackElo "2119"]
[PlyCount "69"]
[EventDate "2024.07.20"]
[EventType "swiss (rapid)"]
[EventRounds "9"]
[EventCountry "ESP"]
[SourceTitle "CBM 221 Extra"]
[Source "ChessBase"]
[SourceDate "2024.09.30"]
[SourceVersion "1"]
[SourceVersionDate "2024.09.30"]
[SourceQuality "1"]

1. c4 e5 2. Nc3 Nc6 3. Nf3 f5 4. g3 Nf6 5. d4 e4 6. Nh4 d5 7. Bg5 dxc4 8. e3 Be7 9. Bxc4 g6 10. Ng2 Na5 11. Be2 0-0 12. Nf4 Nc6 13. Bh6 Re8 14. Bc4+ Kh8 15. Bf7 Ng4 16. Bxe8 Qxe8 17. Nfd5 Nxh6 18. Nxc7 Qd8 19. Nxa8 Nb4 20. 0-0 Be6 21. d5 Bf7 22. Qd4+ Kg8 23. Qxa7 Nd3 24. Nb6 Bc5 25. Nca4 Bxb6 26. Nxb6 Qg5 27. Qb8+ Kg7 28. Nd7 Qe7 29. Qc7 Ng4 30. d6 Qg5 31. Qc8 Kh6 32. Qf8+ Kh5 33. h4 Qh6 34. Qxh6+ Nxh6 35. Nf6# 1-0